German WW2 tanks by pictures - Statistics

General Stats
  • This quiz has been taken 16,777 times
    16,765 since last reset
  • The average score is 12 of 20
Answer Stats
Picture Answer % Correct
Panzerkampfwagen VI Tiger
99%
Panzerkampfwagen V Panther
87%
Panzerkampfwagen VI B Königstiger
83%
Panzerkampfwagen III
80%
Panzerkampfwagen VIII Maus
77%
Panzerjäger Tiger (P) Elefant/Ferdinand
65%
Sturmmörserwagen 606/4 Sturmtiger
62%
Panzerkampfwagen IV
61%
Jagdpanther
59%
Jagdpanzer 38(t) Hetzer
58%
Panzerkampfwagen IV
58%
Sonderkraftfahrzeug 234-2 Puma
55%
Panzerjäger Tiger B Jagdtiger
53%
Panzerkampfwagen VI B Königstiger
53%
Sturmgeschutz III
53%
Hornisse/Nashorn
50%
Sturmgeschütz IV
49%
Marder III ausf. H
47%
Jagdpanzer IV
41%
Sturmpanzer IV Brummbär
36%
No matching quizzes found
Score Distribution
Percent of People with Each Score
Percentile by Number Answered
Your Score History
You have not taken this quiz since the last reset